Word Ladder: Robert De Niro Movies Quiz Stats

 Plays Quiz Updated Apr 3, 2018

Challenge
Share
Tweet
Embed
Score 0/48 Timer 05:00
4 Plays Today
Clue 4-Letter Word % Correct
★ 'Once Upon a ____ in America' ★★ TIME ★
98.5%
Ten centsDIME
97.2%
★ 'A Bronx ____' ★★ TALE ★
96.2%
Sound of a bellDING
95.7%
Partake in a feastDINE
95.4%
Pronged utensilFORK
95.2%
★ 'Raging ____' ★★ BULL ★
95%
Flooring materialTILE
94.9%
President after NixonFORD
94.5%
★ 'The ____ of Comedy' ★★ KING ★
94.4%
Satan's realmHELL
94.2%
VHS cassetteTAPE
94.2%
Gentle-heartedKIND
94%
Fuel for a firepitWOOD
93.8%
★ 'New ____, New ____' ★★ YORK ★
93.8%
★ 'The ____ Shepherd' ★★ GOOD ★
93.3%
Had on, as clothingWORE
93.2%
Language unitWORD
92.8%
★ 'The Godfather ____ II' ★★ PART ★
92.2%
Ship's bodyHULL
92%
Object of many sportsBALL
91.5%
Veal or venisonMEAT
91.5%
Werewolf's lightMOON
90.7%
★ 'The ____ Hunter' ★★ DEER ★
90.6%
Clue 4-Letter Word % Correct
Stumble ontoFIND
90.3%
★ '____ Driver' ★★ TAXI ★
90.3%
In times long pastYORE
90.1%
★ '____ Streets' ★★ MEAN ★
89.8%
Warmly affectionateFOND
89.5%
RecoverHEAL
89.2%
Druglord's henchmanGOON
88.8%
Kind of whisky or vinegarMALT
86.4%
★ '____' ★★ HEAT ★
85.8%
LamentMOAN
85.7%
CherishedDEAR
85.6%
Long skirtMAXI
85.1%
HistoryPAST
84.9%
Shopping localeMART
84.7%
Podiatry concernsFEET
84.6%
Timbuktu's countryMALI
84.3%
Insect repellentDEET
82.9%
★ '____ Vegas' ★★ LAST ★
82.1%
CelebrationFEST
77.9%
Just in caseLEST
74.8%
Living the high life?TALL
66.7%
AnklebonesTALI
65.2%
★ '____ [last rung]' ★★ CAPE ★
62.8%
★ '[first rung] ____' ★★ FEAR ★
62.4%

Today's Daily Dose

You're not logged in!

Compare scores with friends on all Sporcle quizzes.
OR
Log In

You Might Also Like...

Show Comments

Extras

Top Quizzes Today


Score Distribution

Your Account Isn't Verified!

In order to create a playlist on Sporcle, you need to verify the email address you used during registration. Go to your Sporcle Settings to finish the process.

Report this User

Report this user for behavior that violates our Community Guidelines.

Details: